Reporting : zdroj informácií pre manažérske rozhodovanie dizertačná práca
Saved in:
| Main Author: | |
|---|---|
| Corporate Author: | |
| Other Authors: | |
| Format: | Book |
| Language: | Slovak |
| Published: |
Bratislava
2010
|
| Subjects: | |
| Tags: |
No Tags, Be the first to tag this record!
|
MARC
| LEADER | 00000nam$a2200000$$$4500 | ||
|---|---|---|---|
| 001 | 0116954 | ||
| 005 | 20221207094855.1 | ||
| 041 | 0 | |a slo | |
| 044 | |a SK | ||
| 245 | 1 | 0 | |a Reporting : zdroj informácií pre manažérske rozhodovanie |b dizertačná práca |c Michal Budinský ; škol. Alžbeta Foltínová |
| 264 | 1 | |a Bratislava |c 2010 | |
| 300 | |a 146 s. | ||
| 610 | 2 | 0 | |a reporting |
| 610 | 2 | 0 | |a kontroling |
| 610 | 2 | 0 | |a kontroling podnikový |
| 610 | 2 | 0 | |a kontroling finančný |
| 610 | 2 | 0 | |a rozhodovanie manažérske |
| 610 | 2 | 0 | |a výkonnosť |
| 610 | 2 | 0 | |a ukazovatele ekonomické |
| 100 | 1 | |a Budinský, Michal | |
| 700 | 1 | |a Foltínová, Alžbeta | |
| 710 | 2 | |a Fakulta podnikového manažmentu EU. Katedra podnikovohospodárska | |